00252nam a2200109Ia 4500008004100000100001600041245002300057260002400080260000900104546001200113999001700125170619s9999 xx 000 0 und d aSharma- J K 0aOperation research bNew Delhi Macmillan c2007 aENGLISH c22210d22210